000 00860nam a22002771 4500
001 33184
003 BD-RjUL
005 20211209051949.0
008 140430s1956 nyua 001 0 eng
035 _a(BD-RjUL)33275
040 _aDLC
_cDLC
_dDLC
_dBD-RjUL
_beng
041 _aeng
082 0 0 _a302
_bSHO 1956
100 1 _aSherif, Muzafer.
_d1905-
_991983
245 0 3 _aAn outline of social psychology /
_cMuzafer Sherif and Carolyn W. Sherif ; with a new introduction by Gardner Murphy
250 _aRev. ed.,
260 _aNew York :
_bHarper,
_c1956
300 _axix, 792 p. :
_billus. ;
_c24 cm.
504 _aIncludes Index.
650 0 _aSocial psychology.
_9100792
700 1 _aSherif, Carolyn W., jt. auth.
_9233294
700 1 _aMurphy, Gardner, Introducer
_9233295
942 _2ddc
_cBK
999 _c33184
_d33184